|
|
|
|
| LEADER |
00000nab a2200000 ar4500 |
| 001 |
vtls009491098 |
| 003 |
SK-MaSNL |
| 005 |
20260318123906.0 |
| 008 |
090408c20090218xo |||||||| 000 b|hun |
| 015 |
|
|
|a SNBRB2009/03
|2 snkbucl
|
| 038 |
|
|
|a SNKBUCL
|
| 040 |
|
|
|a DSZK
|b slo
|c DSZK
|e AACR2
|
| 041 |
0 |
|
|a hun
|
| 044 |
|
|
|a xo
|c SK
|
| 080 |
|
|
|a 338.48
|x (437.6)
|2 2001
|
| 100 |
1 |
|
|a Lőrincz, Adrián,
|d 1972-
|4 aut
|9 330033
|
| 245 |
1 |
0 |
|a Kis ország a hegyek alatt - nagy kilátásokkal
|b az idegenforgalom az a gazdasági ágazat, melyben még lehet alulról építkezni ...
|c Lőrincz Adrián
|
| 300 |
|
|
|b Fotogr.
|
| 650 |
0 |
7 |
|a cestovný ruch
|2 SNKPH
|9 999
|
| 651 |
|
7 |
|a Slovensko
|2 snkbucl
|9 14231
|
| 655 |
|
7 |
|a reportáže
|2 SNKPH
|9 28856
|
| 773 |
0 |
|
|t Új szó
|g Évf. 62, sz. 40 (18.2.2009), o. 15
|x 1335-7050
|
| 773 |
0 |
8 |
|i Mell.:
|t Szülőföldünk
|g Évf. 6, sz. 7 (2009)
|
| 852 |
|
|
|a SNK
|b KIS3GCP
|
| 852 |
|
|
|a DSZK
|b KIS3GCP
|
| 958 |
|
|
|a HU
|
| 958 |
|
|
|a SK
|
| 999 |
|
|
|c 2669293
|d 2671223
|